|
|
|
|
| LEADER |
01363nam a2200301 a 4500 |
| 001 |
0017816 |
| 003 |
BD-DhAAL |
| 008 |
090701s2008 gw a 001 0 eng d |
| 010 |
|
|
|a 2008422502
|
| 020 |
|
|
|a 9783938780510
|
| 020 |
|
|
|a 3938780517
|
| 040 |
|
|
|a GWDNB
|e rakwb
|c PUL
|d UKM
|d BTCTA
|d BAKER
|d YDXCP
|d OHX
|d IXA
|d DLC
|d BD-DhAAL
|
| 082 |
0 |
0 |
|a 720
|2 22
|
| 245 |
0 |
0 |
|a Pure plastic :
|b new materials for today's architecture /
|c Chris van Uffelen ; Ed. staff: Sophie Steybe ; Chris van Uffelen
|
| 250 |
|
|
|a First edition.
|
| 260 |
|
|
|a [Berlin] :
|b Braun,
|c 2008.
|
| 300 |
|
|
|a 256 p. :
|b ill. (some col.) ;
|c 25 cm
|
| 526 |
|
|
|a ARC
|x Md. Shajjad Hossain,
Faculty members of the Department of Architecture
|
| 541 |
1 |
|
|e 00017816
|a Zeenat Book Supply Ltd
|
| 650 |
|
0 |
|a Architecture, Modern
|y 20th century.
|9 31966
|
| 650 |
|
0 |
|a Architecture, Modern
|y 21st century.
|9 31967
|
| 650 |
|
0 |
|a Plastics in building.
|9 31968
|
| 700 |
1 |
|
|a Uffelen, Chris van.
|9 31969
|
| 700 |
1 |
|
|a Steybe, Sophie.
|9 31970
|
| 852 |
4 |
|
|a Ayesha Abed Library
|c General Stacks
|
| 942 |
|
|
|2 ddc
|c BK
|
| 999 |
|
|
|c 7541
|d 7541
|
| 952 |
|
|
|0 0
|1 0
|2 ddc
|4 0
|6 720_PUR_200800000000000
|7 0
|9 8169
|a BRACUL
|b BRACUL
|c GEN
|d 2010-02-16
|e Zeenat Book Supply Limited
|g 3712.00
|l 3
|m 5
|o 720 PUR
|p 3010017816
|r 2018-12-13
|s 2018-11-20
|t 1
|w 2010-02-16
|y BK
|x Requisitioned by Md. Shajjad Hossain (Faculty members of the Department of Architecture).
|